000 00821nas a2200277 4500
001 BR9901169
003 BR-BrBNA
005 20231205101307.0
007 ta
008 230509b bl.|||p| |||| 00| 00por d
040 _aBR-BrBNA
_bpor
_cBiblioteca Nacional de Agricultura
041 _a(Pt)
072 _aF06
100 1 _aSoares, J.M.
100 1 _aNascimento, T.
245 1 _aDistribuicao do sistema radicular da videira em vertissolo sob irrigacao localizada
650 _aUva
650 _aRaiz
650 _aVertissolo
650 _aIrrigacao
650 _aGotejador
650 _aBahia
773 0 _tRevista Brasileira de Engenharia Agricola e Ambiental (Brazil)
_xISSN 1415-4366
_g(May-Aug 1998), v. 2(2) p. 142-147
_wBR9901169
909 _a202311
_bLúcia
_c55
_dLúcia Elande
942 _2AGRIS
_n0
_cANA
999 _c160955
_d160955